[Event "Copa Ciudad de Berazategui 2008"]
[Site "Berazategui ARG"]
[Date "2008.05.06"]
[Round "6.10"]
[White "Aguilar, Juan"]
[Black "Malbran, Guillermo"]
[Result "0-1"]
[WhiteElo "2356"]
[BlackElo "2240"]
[PlyCount "70"]
[EventDate "2008.05.01"]
[EventType "swiss"]
[EventRounds "7"]
[EventCountry "ARG"]
[Source "lmi"]
[SourceDate "2008.05.01"]

1. e4 Nf6 2. e5 Nd5 3. d4 d6 4. c4 Nb6 5. exd6 exd6 6. Nc3 Be7 7. Nf3 Bg4 8.
Be2 Nc6 9. b3 Bf6 10. Be3 O-O 11. O-O d5 12. c5 Nc8 13. h3 Be6 14. b4 a6 15. b5
axb5 16. Nxb5 N8a7 17. a4 b6 18. Bf4 bxc5 19. Bxc7 Qd7 20. Bb6 c4 21. Nc3 Rfb8
22. Bc5 Na5 23. Ra2 Nb3 24. Ba3 Nc6 25. Bb2 Ncxd4 26. Kh1 Nxe2 27. Qxe2 Bf5 28.
Ne5 Qe6 29. f4 Bxe5 30. Qxe5 Qxe5 31. fxe5 Bd3 32. Re1 d4 33. Nd5 c3 34. Bc1
Nxc1 35. Rxc1 Bc4 0-1

[Event "Copa Ciudad de Berazategui 2008"]
[Site "Berazategui ARG"]
[Date "2008.05.05"]
[Round "6.11"]
[White "Plazaola, Maria de los Angele"]
[Black "Perez Ponsa, Federico"]
[Result "0-1"]
[WhiteElo "2075"]
[BlackElo "2281"]
[PlyCount "94"]
[EventDate "2008.05.01"]
[EventType "swiss"]
[EventRounds "7"]
[EventCountry "ARG"]
[Source "lmi"]
[SourceDate "2008.05.01"]

1. e4 c5 2. Nf3 d6 3. d4 cxd4 4. Nxd4 Nf6 5. Nc3 a6 6. Bc4 e6 7. Bb3 Nbd7 8. a4
Nc5 9. Qe2 Be7 10. O-O O-O 11. a5 e5 12. Nf3 Nxb3 13. cxb3 Be6 14. Qc2 h6 15.
Be3 Rc8 16. Rfd1 Qc7 17. Bb6 Qc6 18. Rac1 Bd8 19. Qd2 Bxb6 20. Nd5 Bxa5 21.
Qxa5 Qxc1 22. Nxf6+ gxf6 23. Rxc1 Rxc1+ 24. Ne1 Rfc8 25. h3 Rb1 26. Kh2 Rxb2
27. Nd3 Rxb3 28. Qd2 Kg7 29. Nc1 Rxc1 30. Qxc1 a5 31. Qa1 b6 32. f3 Rb4 33. Qe1
Rd4 34. h4 a4 35. Qc1 h5 36. Qe3 b5 37. f4 b4 38. f5 Bc4 39. Qg3+ Kf8 40. Qe1
a3 41. g4 hxg4 42. h5 Rd3 43. Qxb4 Rh3+ 44. Kg2 a2 45. Qxd6+ Kg7 46. Qd1 Rxh5
47. Kg1 Be2 0-1

[Event "Copa Ciudad de Berazategui 2008"]
[Site "Berazategui ARG"]
[Date "2008.05.06"]
[Round "7.1"]
[White "Liascovich, Lucas"]
[Black "Scarella, Enrique Alejandro"]
[Result "1/2-1/2"]
[WhiteElo "2419"]
[BlackElo "2349"]
[PlyCount "149"]
[EventDate "2008.05.01"]
[EventType "swiss"]
[EventRounds "7"]
[EventCountry "ARG"]
[Source "lmi"]
[SourceDate "2008.05.01"]

1. d4 d5 2. c4 dxc4 3. Nf3 c5 4. e3 cxd4 5. Bxc4 Qc7 6. Bb3 Nf6 7. O-O e6 8.
exd4 Be7 9. Nc3 O-O 10. Bg5 a6 11. Rc1 Nc6 12. Qe2 Ng4 13. g3 Bxg5 14. Nxg5 e5
15. Qe4 g6 16. d5 Nd4 17. Nb5 Qe7 18. Nxd4 Qxg5 19. h4 Qh5 20. Nf3 Bf5 21. Qe2
Nh6 22. Qe3 Bh3 23. Rfe1 Nf5 24. Qd3 f6 25. d6+ Kh8 26. d7 Rad8 27. Rc7 Bg4 28.
Bd5 b5 29. Qc3 Ne7 30. Bb7 Qf5 31. Qc5 Rxd7 32. Rxd7 Qxd7 33. Nxe5 fxe5 34.
Qxe5+ Kg8 35. Qxe7 Qd2 36. Rf1 Bh3 37. Bg2 Bxg2 38. Qe6+ Rf7 39. Kxg2 Qxb2 40.
Qxa6 b4 41. Qb6 Qxa2 42. Qxb4 Qe2 43. Qd4 Qf3+ 44. Kg1 Qf6 45. Qd2 Ra7 46. Rc1
Ra1 47. Qd5+ Kg7 48. Rxa1 Qxa1+ 49. Kg2 Qf6 50. f4 Qb2+ 51. Kh3 Qb1 52. h5 gxh5
53. Kh4 Qe1 54. Qg5+ Kf8 55. Qf6+ Kg8 56. Qd8+ Kf7 57. Qc7+ Kg8 58. Qc5 Qd1 59.
Qf5 Qf3 60. Qe6+ Kg7 61. Qe7+ Kg8 62. Qg5+ Kh8 63. Qd8+ Kg7 64. Qe7+ Kg8 65.
Qe8+ Kg7 66. Qe6 Kh8 67. Qe5+ Kg8 68. Qg5+ Kh8 69. Qxh5 Qh1+ 70. Kg5 Qd5+ 71.
f5 Qd2+ 72. Kf6 Qd6+ 73. Kf7 Qd7+ 74. Kf6 Qd6+ 75. Kf7 1/2-1/2

[Event "Copa Ciudad de Berazategui 2008"]
[Site "Berazategui ARG"]
[Date "2008.05.06"]
[Round "7.3"]
[White "Zarnicki, Pablo"]
[Black "Quiroga, Facundo"]
[Result "1-0"]
[WhiteElo "2515"]
[BlackElo "2331"]
[PlyCount "83"]
[EventDate "2008.05.01"]
[EventType "swiss"]
[EventRounds "7"]
[EventCountry "ARG"]
[Source "lmi"]
[SourceDate "2008.05.01"]

1. e4 c5 2. Na3 Nc6 3. Bb5 Qc7 4. Nf3 a6 5. Bxc6 Qxc6 6. O-O b5 7. d4 cxd4 8.
Nxd4 Qc7 9. c4 e6 10. cxb5 Nf6 11. bxa6 Bxa3 12. Nb5 Qc6 13. Nxa3 Qxe4 14. Nb5
O-O 15. Nd6 Qd5 16. b4 Rxa6 17. Bf4 Bb7 18. Qxd5 Bxd5 19. a4 Rfa8 20. Rfc1 h6
21. Rc8+ Rxc8 22. Nxc8 Bc6 23. Ne7+ Kf8 24. Nxc6 dxc6 25. a5 Nd5 26. Bd6+ Ke8
27. Kf1 Kd7 28. Bc5 g6 29. Ke2 e5 30. Kd3 Ra8 31. Kc4 Ke6 32. a6 Nc7 33. a7 Nb5
34. Bb6 Kd7 35. f4 Nd6+ 36. Kd3 f6 37. fxe5 fxe5 38. Bc5 Nb5 39. Ke4 Ke6 40.
Ra6 Nd6+ 41. Bxd6 Kxd6 42. b5 1-0

[Event "Copa Ciudad de Berazategui 2008"]
[Site "Berazategui ARG"]
[Date "2008.05.06"]
[Round "7.4"]
[White "Perez Ponsa, Federico"]
[Black "Mareco, Sandro"]
[Result "1-0"]
[WhiteElo "2281"]
[BlackElo "2470"]
[PlyCount "65"]
[EventDate "2008.05.01"]
[EventType "swiss"]
[EventRounds "7"]
[EventCountry "ARG"]
[Source "lmi"]
[SourceDate "2008.05.01"]

1. e4 e5 2. Nf3 Nc6 3. Bb5 a6 4. Ba4 Nf6 5. O-O Be7 6. Bxc6 dxc6 7. d3 Nd7 8.
Nbd2 O-O 9. Nc4 f6 10. Nh4 Nc5 11. Nf5 Bxf5 12. exf5 Qd5 13. Qg4 Rfe8 14. Nd2
Rad8 15. Re1 b5 16. Nf1 Bf8 17. Be3 e4 18. Bxc5 Qxc5 19. dxe4 Qxc2 20. Re2 Qc4
21. Ng3 Rd4 22. h3 Bd6 23. Nh5 Qf7 24. Rae1 Re7 25. a3 Kh8 26. f4 b4 27. Qf3 g6
28. Ng3 bxa3 29. bxa3 Qc4 30. e5 Bc5 31. Kh1 Rxf4 32. Qxc6 Rxe5 33. Qxf6+ 1-0

[Event "Copa Ciudad de Berazategui 2008"]
[Site "Berazategui ARG"]
[Date "2008.05.06"]
[Round "7.6"]
[White "Calderon Fernandez, Gervasio"]
[Black "Barrionuevo, Pablo"]
[Result "0-1"]
[WhiteElo "2281"]
[BlackElo "2401"]
[PlyCount "60"]
[EventDate "2008.05.01"]
[EventType "swiss"]
[EventRounds "7"]
[EventCountry "ARG"]
[Source "lmi"]
[SourceDate "2008.05.01"]

1. d4 Nf6 2. c4 c5 3. d5 b5 4. cxb5 a6 5. f3 e6 6. e4 exd5 7. e5 Qe7 8. Qe2 Ng8
9. Nh3 c4 10. Nc3 Bb7 11. Nf4 Qc5 12. Nfxd5 Bxd5 13. Be3 Qb4 14. O-O-O Be6 15.
g4 axb5 16. f4 g6 17. f5 gxf5 18. gxf5 Bxf5 19. Qf3 Ra3 20. Bg5 Ne7 21. bxa3
Qxa3+ 22. Kd2 b4 23. Bxe7 bxc3+ 24. Ke1 Bxe7 25. Qxf5 Bh4+ 26. Ke2 Qb2+ 27. Kf3
c2 28. Bxc4 cxd1=Q+ 29. Rxd1 Qf2+ 30. Ke4 Qc2+ 0-1

[Event "Copa Ciudad de Berazategui 2008"]
[Site "Berazategui ARG"]
[Date "2008.05.06"]
[Round "7.8"]
[White "Perelman, Hernan"]
[Black "Spata, German"]
[Result "1-0"]
[WhiteElo "2343"]
[BlackElo "2240"]
[PlyCount "101"]
[EventDate "2008.05.01"]
[EventType "swiss"]
[EventRounds "7"]
[EventCountry "ARG"]
[Source "lmi"]
[SourceDate "2008.05.01"]

1. d4 Nf6 2. c4 e6 3. g3 Be7 4. Bg2 O-O 5. Nc3 d6 6. Nf3 Nbd7 7. O-O a6 8. Qc2
c5 9. b3 Qc7 10. Bb2 b6 11. e4 cxd4 12. Nxd4 Bb7 13. Rac1 Rfc8 14. Qe2 Bf8 15.
Rfd1 g6 16. f4 e5 17. Nd5 Qd8 18. Nf3 Nxd5 19. exd5 exf4 20. gxf4 Bh6 21. Qd2
Bg7 22. Bxg7 Kxg7 23. Nd4 Qh4 24. Rc3 Re8 25. Rh3 Qf6 26. f5 Nf8 27. fxg6 hxg6
28. Rf1 Qe5 29. Ne6+ Kg8 30. Nc7 Rac8 31. Nxe8 Rxe8 32. Qf2 Re7 33. Qxb6 g5 34.
Rhf3 Bc8 35. Qf2 f5 36. Rxf5 Bxf5 37. Qxf5 Qe3+ 38. Kh1 Re8 39. Qf7+ Kh8 40.
Qf6+ Kh7 41. Qxd6 Ng6 42. Qd7+ Kh6 43. Qh3+ Qxh3 44. Bxh3 Nf4 45. Bg4 Re3 46.
d6 Rd3 47. Rd1 Rxd1+ 48. Bxd1 Kg7 49. d7 Ne6 50. Bg4 Nd8 51. Kg2 1-0